000 00413nam a22001817a 4500
003 MPLRDC
005 20220104114548.0
008 210129b ||||| |||| 00| 0 eng d
020 _a962-04-0671-0
082 _a857.7 YJ-3
100 _a杨绛
245 _a洗澡
_c
250 _a一版一刷
260 _a香港
_b三书书店
_c1988
300 _b268
650 _a长篇小说
942 _cBK
_o857.7 YJ-3
999 _c8442
_d8432